| 000 | 00000nam 2200000za 4500 |
| 001 | 9.807831 |
| 003 | CaOODSP |
| 005 | 20221107140232 |
| 007 | cr ||||||||||| |
| 008 | 150609s2015 quc |o f00| 0 fre d |
| 020 | |a9780773598317 (vol. 1, ptie 1 : pdf) |
| 020 | |a9780773598331 (vol. 1, ptie 2 : pdf) |
| 020 | |a9780773598355 (vol. 2 : pdf) |
| 020 | |a9780773598379 (vol. 3 : pdf) |
| 020 | |a9780773598393 (vol. 4 : pdf) |
| 020 | |a9780773598416 (vol. 5 : pdf) |
| 020 | |a9780773598430 (vol. 6 : pdf) |
| 040 | |aCaOODSP|bfre |
| 043 | |an-cn--- |
| 086 | |aIR4-9/2015F-PDF |
| 110 | 1 |aCanada.|bCommission de vérité et réconciliation du Canada. |
| 240 | 10|aCanada's residential schools. |lFrançais |
| 245 | 10|aPensionnats du Canada |h[ressource électronique] : |brapport final de la Commission de vérité et réconciliation du Canada. |
| 260 | |aMontreal; |aKingston ; |aLondon ; |aChicago : |bPublié pour Commission de vérité et réconciliation du Canada par McGill-Queen's University Press,|c2015. |
| 300 | |aVolumes multiples. |
| 500 | |aPublié aussi en anglais sous le titre : Canada's residential schools, the history: the final report of the Truth and Reconciliation Commission of Canada. |
| 500 | |aTraduction de : Canada's residential schools. |
| 504 | |aComprend des références bibliographiques et un index. |
| 505 | 1 |aVolume 1, partie 1-2. L'histoire -- volume 2. L'expérience inuite et nordique -- volume 3. L'expérience métisse -- volume 4. Enfants disparus et lieux de sépulture non marqués -- volume 5. Les séquelles -- volume 6. La réconciliation. |
| 530 | |aPublié aussi en format imprimé. |
| 692 | 07|2gccst|aÉcole résidentielle |
| 692 | 07|2gccst|aConditions sociales |
| 692 | 07|2gccst|aAutochtones |
| 775 | 08|tCanada's residential schools |w(CaOODSP)9.807830 |
| 856 | 40|qPDF|s8.96 Mo|uhttps://publications.gc.ca/collections/collection_2015/trc/IR4-9-1-1-2015-fra.pdf |
| 856 | 40|qPDF|s7.80 Mo|uhttps://publications.gc.ca/collections/collection_2015/trc/IR4-9-1-2-2015-fra.pdf |
| 856 | 40|qPDF|s14.57 Mo|uhttps://publications.gc.ca/collections/collection_2015/trc/IR4-9-2-2015-fra.pdf |
| 856 | 40|qPDF|s1.86 Mo|uhttps://publications.gc.ca/collections/collection_2015/trc/IR4-9-3-2015-fra.pdf |
| 856 | 40|qPDF|s6.74 Mo|uhttps://publications.gc.ca/collections/collection_2015/trc/IR4-9-4-2015-fra.pdf |
| 856 | 40|qPDF|s12.81 Mo|uhttps://publications.gc.ca/collections/collection_2015/trc/IR4-9-5-2015-fra.pdf |
| 856 | 40|qPDF|s9.66 Mo|uhttps://publications.gc.ca/collections/collection_2015/trc/IR4-9-6-2015-fra.pdf |